Language Quiz

Random Language Quiz

Preterite vs Imperfect Fill in Quiz Stats

 Plays Quiz not verified by Sporcle

Score 0/11 Timer 10:00
0 Plays Today
Pretérito o Imperfecto ? % Correct
_____ (haber) mucha gente en el aeropuerto.. (description)Había
100%
El cielo _______ (ser) muy oscuro. (description)era
87.1%
La gente ______ (estar) asustada. (feelings, emotions)estaba
87.1%
El pasajero solo _____ (tener) 10 años. (age)tenía
83.9%
Cuando todas _______ (abordar) el avión, un hombre gritó socorro. (continuous)abordaban
83.9%
Mi papá _______ (hacer) su maleta. (completed)hizo
80.6%
Los pasajeros ________ (pasar) 5 horas esperando sus vuelos. (completed action)pasaron
80.6%
_______ (hacer) mucha calor. (weather)Hacía
80.6%
_______ (ser) las cinco cuando llegué. (time)Eran
80.6%
El niño _______ (facturar) su equipaje. (completed)facturó
80.6%
____ (haber) una explosión ayer. (event)Hubo
64.5%

You're not logged in!

Compare scores with friends on all Sporcle quizzes.
OR
Log In

Show Comments

Extras

Created May 16, 2019ReportNominate
Tags:conjugate, imperfect, preterite, tense

Top Quizzes Today


Score Distribution

Your Account Isn't Verified!

In order to create a playlist on Sporcle, you need to verify the email address you used during registration. Go to your Sporcle Settings to finish the process.

Report this User

Report this user for behavior that violates our Community Guidelines.

Details: